| 000 | 00474nam a22001817a 4500 | ||
|---|---|---|---|
| 005 | 20260423150133.0 | ||
| 008 | 260423b |||||||| |||| 00| 0 eng d | ||
| 020 |
_a9789388716178 _c695.00 |
||
| 040 | _aMAIN | ||
| 041 | _aEnglish | ||
| 082 |
_a530.15 _bLOH |
||
| 100 |
_aLohar, Debasish _92516 |
||
| 245 | _aComputational Methods for Physics | ||
| 260 |
_aNew Delhi _bMedTech Science Press _c2026 |
||
| 300 | _a330 | ||
| 650 |
_aPhysics (PM USHA) _926699 |
||
| 942 | _cBK | ||
| 999 |
_c60706 _d60706 |
||